| 000 | 00578 a2200205 4500 | ||
|---|---|---|---|
| 005 | 20260319102634.0 | ||
| 008 | 260318b |||||||| |||| 00| 0 eng d | ||
| 020 |
_a9780197681763 _cRs. 795.00 |
||
| 040 | _aMAIN | ||
| 082 |
_a320.01 _bN143D |
||
| 100 | _aNai, Alessandro | ||
| 245 | _aDark politics: The personality of politicians and the future of democracy | ||
| 260 |
_bOxford University Press _c2024 _aNew York |
||
| 300 | _axiv, 318 | ||
| 650 | _aPolitical Science | ||
| 650 | _aDemocracy | ||
| 650 | _aPolitical Systems | ||
| 700 | _aMaier, Jurgen | ||
| 942 | _cBK | ||
| 999 |
_c395330 _d395330 |
||